Quiz De Logotipos De Marcas - #1 - Statistics

Estatísticas Gerais
  • Esse quiz foi jogado 323 vezes
  • A pontuação média é 17 de 20
Estatísticas das Respostas
Imagem Resposta % Correto
Adidas
98%
Apple
98%
Amazon
97%
Pepsi
97%
Facebook
96%
Monster
96%
Wikipedia
96%
Mercedes-Benz
93%
PlayStation
93%
Shell
93%
Starbucks
89%
Pringles
88%
Pinterest
87%
KFC
85%
Volkswagen
80%
Pizza Hut
79%
Taco Bell
70%
JetPunk
69%
Yamaha
54%
Atari
48%
Nenhum quiz correspondente encontrado
Distribuição das Pontuações
Porcentagem de Pessoas com Cada Pontuação
Percentil de Números Respondidos
Sua Pontuação Histórica
Você não jogou esse quiz